[Event "European Women's Championship"]
[Site "Vysoke Tatry"]
[Date "2018.04.18"]
[Round "10"]
[White "Serakova, Tatana"]
[Black "Nadzamova, Viktoria"]
[Result "1/2-1/2"]
[Board "72"]
[WhiteElo "1633"]
[WhiteCountry "CZE"]
[WhiteFideId "377856"]
[WhiteEloChange "4"]
[BlackElo "1766"]
[BlackTitle "WCM"]
[BlackCountry "SVK"]
[BlackFideId "14943999"]
[BlackEloChange "-4"]

1. d4 {[%clk 1:30:56]} Nf6 {[%clk 1:30:53]} 2. c4 {[%clk 1:31:12]} e6 {[%clk
1:31:13]} 3. Nc3 {[%clk 1:31:07]} d5 {[%clk 1:31:15]} 4. Bg5 {[%clk 1:30:14]} Be7
{[%clk 1:31:00]} 5. Nf3 {[%clk 1:29:21]} O-O {[%clk 1:30:18]} 6. e3 {[%clk
1:29:29]} b6 {[%clk 1:28:35]} 7. Rc1 {[%clk 1:22:08]} Nbd7 {[%clk 1:23:34]} 8.
Be2 {[%clk 1:15:27]} Bb7 {[%clk 1:22:51]} 9. O-O {[%clk 1:12:53]} c5 {[%clk
1:20:59]} 10. cxd5 {[%clk 1:07:11]} Nxd5 {[%clk 1:17:34]} 11. Bxe7 {[%clk
1:02:08]} Qxe7 {[%clk 1:17:19]} 12. Qa4 {[%clk 0:41:42]} a6 {[%clk 1:07:35]} 13.
dxc5 {[%clk 0:36:48]} Nxc5 {[%clk 1:03:05]} 14. Qg4 {[%clk 0:31:16]} Nf6 {[%clk
0:56:31]} 15. Qh4 {[%clk 0:30:03]} Rfd8 {[%clk 0:50:42]} 16. Rfd1 {[%clk
0:28:20]} Rac8 {[%clk 0:44:08]} 17. Rxd8+ {[%clk 0:22:28]} Rxd8 {[%clk 0:43:58]}
18. Rd1 {[%clk 0:20:17]} Rxd1+ {[%clk 0:42:47]} 19. Bxd1 {[%clk 0:19:59]} Nce4
{[%clk 0:35:20]} 20. Nxe4 {[%clk 0:18:59]} Bxe4 {[%clk 0:35:27]} 21. Qf4 {[%clk
0:15:58]} Qd8 {[%clk 0:30:50]} 22. Nd4 {[%clk 0:15:15]} h6 {[%clk 0:29:41]} 23.
h3 {[%clk 0:14:21]} Qc8 {[%clk 0:27:26]} 24. Nb3 {[%clk 0:07:28]} a5 {[%clk
0:24:37]} 25. Kh2 {[%clk 0:06:58]} b5 {[%clk 0:16:59]} 26. f3 {[%clk 0:06:00]}
Bg6 {[%clk 0:15:15]} 27. e4 {[%clk 0:04:22]} a4 {[%clk 0:08:36]} 28. Nd4 {[%clk
0:03:04]} Qd8 {[%clk 0:02:28]} 29. Qe5 {[%clk 0:03:08]} Kh7 {[%clk 0:01:56]} 30.
a3 {[%clk 0:03:04]} Ne8 {[%clk 0:01:36]} 31. Be2 {[%clk 0:02:26]} f6 {[%clk
0:00:34]} 1/2-1/2

[Event "European Women's Championship"]
[Site "Vysoke Tatry"]
[Date "2018.04.19"]
[Round "11"]
[White "Stefanova, Antoaneta"]
[Black "Dzagnidze, Nana"]
[Result "1/2-1/2"]
[Board "2"]
[WhiteElo "2479"]
[WhiteTitle "GM"]
[WhiteCountry "FID"]
[WhiteFideId "2902257"]
[BlackElo "2507"]
[BlackTitle "GM"]
[BlackCountry "GEO"]
[BlackFideId "13601903"]

1. Nf3 {[%clk 1:30:56]} Nf6 {[%clk 1:30:54]} 2. c4 {[%clk 1:31:01]} b6 {[%clk
1:30:53]} 3. g3 {[%clk 1:29:54]} Bb7 {[%clk 1:31:04]} 4. Bg2 {[%clk 1:26:29]} e5
{[%clk 1:19:49]} 5. O-O {[%clk 1:22:36]} Bd6 {[%clk 1:16:59]} 6. Nc3 {[%clk
1:20:22]} O-O {[%clk 1:14:24]} 7. Nb5 {[%clk 0:54:37]} Qe7 {[%clk 1:14:10]} 8. d3
{[%clk 0:52:17]} Ne8 {[%clk 0:46:18]} 9. e4 {[%clk 0:44:30]} Bc5 {[%clk 0:46:19]}
10. a3 {[%clk 0:43:47]} a5 {[%clk 0:41:37]} 11. Nh4 {[%clk 0:41:14]} Nc6 {[%clk
0:41:41]} 12. Kh1 {[%clk 0:39:52]} Qd8 {[%clk 0:34:54]} 13. f4 {[%clk 0:37:53]}
d6 {[%clk 0:31:44]} 14. f5 {[%clk 0:35:05]} Nd4 {[%clk 0:30:24]} 15. Nxd4 {[%clk
0:30:34]} Bxd4 {[%clk 0:30:53]} 16. f6 {[%clk 0:29:46]} Nxf6 {[%clk 0:27:38]} 17.
Bg5 {[%clk 0:30:07]} Bc8 {[%clk 0:28:00]} 18. Nf5 {[%clk 0:24:00]} Bxf5 {[%clk
0:27:52]} 19. Rxf5 {[%clk 0:24:26]} Re8 {[%clk 0:21:30]} 20. Bxf6 {[%clk
0:21:41]} gxf6 {[%clk 0:21:58]} 21. Qf3 {[%clk 0:20:44]} Qe7 {[%clk 0:11:00]} 22.
Rf1 {[%clk 0:16:01]} Qf8 {[%clk 0:10:50]} 23. Rxf6 {[%clk 0:11:40]} Re7 {[%clk
0:11:30]} 24. a4 {[%clk 0:11:12]} Bxb2 {[%clk 0:10:20]} 25. Qe3 {[%clk 0:06:12]}
Qg7 {[%clk 0:09:40]} 26. Bh3 {[%clk 0:04:43]} Bd4 {[%clk 0:09:06]} 27. Qc1 {[%clk
0:04:50]} Kh8 {[%clk 0:09:03]} 28. R1f3 {[%clk 0:04:24]} Rf8 {[%clk 0:07:04]} 29.
Kg2 {[%clk 0:03:54]} Bc5 {[%clk 0:06:44]} 30. Kh1 {[%clk 0:03:50]} Bd4 {[%clk
0:06:16]} 31. Qf1 {[%clk 0:03:49]} Kg8 {[%clk 0:05:56]} 32. Bf5 {[%clk 0:03:27]}
Bc3 {[%clk 0:05:11]} 33. Qc1 {[%clk 0:03:15]} Kh8 {[%clk 0:05:38]} 34. Bh3 {[%clk
0:01:22]} Bd4 {[%clk 0:05:33]} 35. Qf1 {[%clk 0:00:50]} Kg8 {[%clk 0:05:50]} 36.
Kg2 {[%clk 0:00:45]} Bc5 {[%clk 0:04:21]} 37. Qd1 {[%clk 0:00:44]} Be3 {[%clk
0:04:25]} 38. R6f5 {[%clk 0:00:53]} Bg5 {[%clk 0:03:12]} 39. Bg4 {[%clk 0:00:58]}
f6 {[%clk 0:03:02]} 40. h4 {[%clk 0:30:53]} Bh6 {[%clk 0:33:15]} 41. Rf1 {[%clk
0:23:18]} Kh8 {[%clk 0:19:48]} 42. Qf3 {[%clk 0:20:11]} Re6 {[%clk 0:14:21]} 43.
Kh3 {[%clk 0:15:08]} Re7 {[%clk 0:10:15]} 44. Rh5 {[%clk 0:13:23]} Rff7 {[%clk
0:07:06]} 45. Bc8 {[%clk 0:07:52]} Qf8 {[%clk 0:05:12]} 46. Qf5 {[%clk 0:07:09]}
Qg7 {[%clk 0:05:27]} 47. Qf3 {[%clk 0:05:19]} Qf8 {[%clk 0:05:53]} 48. Bb7 {[%clk
0:02:37]} Qg7 {[%clk 0:06:04]} 49. Rf5 {[%clk 0:02:14]} Re8 {[%clk 0:03:59]} 50.
Bd5 {[%clk 0:01:39]} Rff8 {[%clk 0:04:27]} 51. Rxf6 {[%clk 0:01:41]} Rxf6 {[%clk
0:04:47]} 52. Qxf6 {[%clk 0:02:08]} Rf8 {[%clk 0:04:37]} 53. Qxg7+ {[%clk
0:02:06]} Kxg7 {[%clk 0:05:03]} 54. Rf5 {[%clk 0:02:10]} Be3 {[%clk 0:05:05]} 55.
Kg4 {[%clk 0:01:54]} h6 {[%clk 0:05:06]} 56. Rxf8 {[%clk 0:01:31]} Kxf8 {[%clk
0:05:33]} 57. Kf5 {[%clk 0:01:34]} Bf2 {[%clk 0:05:51]} 1/2-1/2

[Event "European Women's Championship"]
[Site "Vysoke Tatry"]
[Date "2018.04.19"]
[Round "11"]
[White "Shuvalova, Polina"]
[Black "Muzychuk, Mariya"]
[Result "1-0"]
[Board "4"]
[WhiteElo "2389"]
[WhiteTitle "WIM"]
[WhiteCountry "RUS"]
[WhiteFideId "24171760"]
[WhiteEloChange "14"]
[BlackElo "2540"]
[BlackTitle "GM"]
[BlackCountry "UKR"]
[BlackFideId "14114550"]
[BlackEloChange "-7"]

1. e4 {[%clk 1:30:56]} c5 {[%clk 1:30:49]} 2. Nf3 {[%clk 1:31:17]} Nc6 {[%clk
1:31:01]} 3. c3 {[%clk 1:29:08]} Nf6 {[%clk 1:30:58]} 4. e5 {[%clk 1:28:48]} Nd5
{[%clk 1:31:28]} 5. d4 {[%clk 1:28:47]} cxd4 {[%clk 1:31:43]} 6. cxd4 {[%clk
1:26:08]} d6 {[%clk 1:31:52]} 7. Bc4 {[%clk 1:22:20]} dxe5 {[%clk 1:31:47]} 8.
dxe5 {[%clk 1:21:29]} Ndb4 {[%clk 1:30:36]} 9. a3 {[%clk 1:16:43]} Be6 {[%clk
1:16:54]} 10. Bxe6 {[%clk 1:07:43]} Nd3+ {[%clk 1:15:04]} 11. Ke2 {[%clk
1:07:18]} Nxc1+ {[%clk 1:13:21]} 12. Qxc1 {[%clk 1:07:45]} fxe6 {[%clk 1:13:35]}
13. Nc3 {[%clk 1:00:31]} g6 {[%clk 1:08:28]} 14. Qf4 {[%clk 0:49:22]} Bg7 {[%clk
1:05:23]} 15. Rhe1 {[%clk 0:47:44]} Qb6 {[%clk 0:57:22]} 16. Kf1 {[%clk 0:44:09]}
Qxb2 {[%clk 0:39:40]} 17. Qc4 {[%clk 0:43:59]} Qc2 {[%clk 0:38:48]} 18. Rab1
{[%clk 0:37:47]} O-O-O {[%clk 0:34:53]} 19. Qxe6+ {[%clk 0:35:21]} Rd7 {[%clk
0:33:24]} 20. Ne4 {[%clk 0:23:50]} Nd8 {[%clk 0:20:58]} 21. Qh3 {[%clk 0:21:08]}
Qc4+ {[%clk 0:20:55]} 22. Kg1 {[%clk 0:20:47]} Qe6 {[%clk 0:16:00]} 23. Rec1+
{[%clk 0:21:09]} Rc7 {[%clk 0:16:10]} 24. Rxc7+ {[%clk 0:20:34]} Kxc7 {[%clk
0:16:37]} 25. Rxb7+ {[%clk 0:20:56]} Kc8 {[%clk 0:16:35]} 26. Qxe6+ {[%clk
0:20:43]} Nxe6 {[%clk 0:17:03]} 27. Rxe7 {[%clk 0:21:06]} Bxe5 {[%clk 0:16:51]}
28. Nxe5 {[%clk 0:21:08]} Rd8 {[%clk 0:17:17]} 29. g3 {[%clk 0:19:41]} Nc7 {[%clk
0:17:06]} 30. Rxh7 {[%clk 0:19:36]} 1-0

[Event "European Women's Championship"]
[Site "Vysoke Tatry"]
[Date "2018.04.19"]
[Round "11"]
[White "Goryachkina, Aleksandra"]
[Black "Javakhishvili, Lela"]
[Result "1/2-1/2"]
[Board "5"]
[WhiteElo "2495"]
[WhiteTitle "WGM"]
[WhiteCountry "RUS"]
[WhiteFideId "4147103"]
[BlackElo "2467"]
[BlackTitle "IM"]
[BlackCountry "GEO"]
[BlackFideId "13601458"]

1. d4 {[%clk 1:30:56]} d6 {[%clk 1:30:54]} 2. e4 {[%clk 1:31:12]} Nf6 {[%clk
1:31:17]} 3. Nc3 {[%clk 1:31:20]} g6 {[%clk 1:31:37]} 4. f4 {[%clk 1:30:44]} Bg7
{[%clk 1:32:01]} 5. Nf3 {[%clk 1:30:57]} c5 {[%clk 1:32:15]} 6. dxc5 {[%clk
1:27:26]} Qa5 {[%clk 1:32:34]} 7. Qd3 {[%clk 1:26:41]} Qxc5 {[%clk 1:30:21]} 8.
Be3 {[%clk 1:26:11]} Qa5 {[%clk 1:30:05]} 9. Qb5+ {[%clk 1:26:15]} Qxb5 {[%clk
1:30:27]} 10. Bxb5+ {[%clk 1:26:34]} Bd7 {[%clk 1:22:42]} 11. O-O-O {[%clk
1:19:26]} Ng4 {[%clk 1:06:32]} 12. Bd4 {[%clk 1:16:46]} Bxd4 {[%clk 1:06:13]} 13.
Rxd4 {[%clk 1:17:04]} Bxb5 {[%clk 0:57:48]} 14. Nxb5 {[%clk 1:15:13]} Nc6 {[%clk
0:58:08]} 15. Rd2 {[%clk 1:02:45]} O-O-O {[%clk 0:57:13]} 16. Re1 {[%clk
0:59:59]} h6 {[%clk 0:48:37]} 17. c4 {[%clk 0:56:05]} Rhg8 {[%clk 0:46:13]} 18.
h3 {[%clk 0:46:00]} Nf6 {[%clk 0:46:37]} 19. e5 {[%clk 0:45:48]} Ne8 {[%clk
0:40:01]} 20. Red1 {[%clk 0:41:51]} a6 {[%clk 0:39:29]} 21. exd6 {[%clk 0:39:08]}
Rd7 {[%clk 0:25:23]} 22. Nc3 {[%clk 0:34:42]} Rxd6 {[%clk 0:25:35]} 23. Nd5
{[%clk 0:34:44]} e6 {[%clk 0:21:24]} 24. Nb6+ {[%clk 0:26:47]} Kc7 {[%clk
0:21:50]} 25. Rxd6 {[%clk 0:23:45]} Nxd6 {[%clk 0:22:16]} 26. c5 {[%clk 0:24:02]}
Ne4 {[%clk 0:21:29]} 27. Rd7+ {[%clk 0:23:29]} Kb8 {[%clk 0:21:57]} 28. Rxf7
{[%clk 0:19:52]} Nxc5 {[%clk 0:22:23]} 29. Nd7+ {[%clk 0:18:17]} Nxd7 {[%clk
0:22:42]} 30. Rxd7 {[%clk 0:18:45]} Nb4 {[%clk 0:15:12]} 31. a3 {[%clk 0:17:24]}
Nd5 {[%clk 0:15:39]} 32. g3 {[%clk 0:16:50]} Nf6 {[%clk 0:12:44]} 33. Rd3 {[%clk
0:11:02]} g5 {[%clk 0:12:01]} 34. fxg5 {[%clk 0:10:35]} hxg5 {[%clk 0:12:28]} 35.
Re3 {[%clk 0:10:40]} g4 {[%clk 0:12:19]} 36. hxg4 {[%clk 0:09:14]} Rxg4 {[%clk
0:10:58]} 37. Rxe6 {[%clk 0:09:16]} Nd5 {[%clk 0:08:32]} 38. Re5 {[%clk 0:08:31]}
Rxg3 {[%clk 0:08:50]} 1/2-1/2

[Event "European Women's Championship"]
[Site "Vysoke Tatry"]
[Date "2018.04.19"]
[Round "11"]
[White "Osmak, Iulija"]
[Black "Szczepkowska, Karina"]
[Result "1/2-1/2"]
[Board "6"]
[WhiteElo "2361"]
[WhiteTitle "IM"]
[WhiteCountry "UKR"]
[WhiteFideId "14101602"]
[WhiteEloChange "1"]
[BlackElo "2403"]
[BlackTitle "IM"]
[BlackCountry "POL"]
[BlackFideId "1122681"]
[BlackEloChange "-1"]

1. e4 {[%clk 1:30:55]} e5 {[%clk 1:30:24]} 2. Nf3 {[%clk 1:31:10]} Nc6 {[%clk
1:30:17]} 3. Bb5 {[%clk 1:31:09]} Nf6 {[%clk 1:29:52]} 4. O-O {[%clk 1:26:58]}
Nxe4 {[%clk 1:22:05]} 5. Re1 {[%clk 1:21:18]} Nd6 {[%clk 1:19:45]} 6. Nxe5 {[%clk
1:21:12]} Be7 {[%clk 1:19:30]} 7. Bf1 {[%clk 1:20:47]} Nxe5 {[%clk 1:15:39]} 8.
Rxe5 {[%clk 1:20:59]} O-O {[%clk 1:15:53]} 9. d4 {[%clk 1:12:56]} Bf6 {[%clk
1:12:39]} 10. Re1 {[%clk 1:12:31]} Re8 {[%clk 1:07:44]} 11. c3 {[%clk 1:09:47]}
Rxe1 {[%clk 1:04:51]} 12. Qxe1 {[%clk 1:10:07]} Qe8 {[%clk 1:02:58]} 13. Qxe8+
{[%clk 1:05:16]} Nxe8 {[%clk 1:03:20]} 14. Bd3 {[%clk 1:03:31]} d5 {[%clk
1:01:29]} 15. Bf4 {[%clk 1:01:51]} Be7 {[%clk 0:57:33]} 16. Nd2 {[%clk 0:59:33]}
Bd6 {[%clk 0:56:47]} 17. Bxd6 {[%clk 0:58:03]} Nxd6 {[%clk 0:57:07]} 18. Re1
{[%clk 0:58:18]} Kf8 {[%clk 0:56:58]} 19. f3 {[%clk 0:57:00]} Bf5 {[%clk
0:56:31]} 20. Bxf5 {[%clk 0:55:59]} Nxf5 {[%clk 0:56:52]} 21. Kf2 {[%clk
0:56:13]} Re8 {[%clk 0:56:31]} 22. Rxe8+ {[%clk 0:56:00]} Kxe8 {[%clk 0:56:55]}
1/2-1/2

[Event "European Women's Championship"]
[Site "Vysoke Tatry"]
[Date "2018.04.19"]
[Round "11"]
[White "Cornette, Deimante"]
[Black "Kulon, Klaudia"]
[Result "0-1"]
[Board "7"]
[WhiteElo "2467"]
[WhiteTitle "IM"]
[WhiteCountry "LTU"]
[WhiteFideId "12802859"]
[WhiteEloChange "-7"]
[BlackElo "2319"]
[BlackTitle "WGM"]
[BlackCountry "POL"]
[BlackFideId "1131044"]
[BlackEloChange "14"]

1. e4 {[%clk 1:30:57]} c5 {[%clk 1:30:57]} 2. Nf3 {[%clk 1:31:17]} Nc6 {[%clk
1:31:22]} 3. Bb5 {[%clk 1:31:37]} g6 {[%clk 1:31:47]} 4. Bxc6 {[%clk 1:31:49]}
bxc6 {[%clk 1:32:08]} 5. O-O {[%clk 1:32:00]} Bg7 {[%clk 1:32:27]} 6. Re1 {[%clk
1:32:07]} e5 {[%clk 1:32:21]} 7. d3 {[%clk 1:29:08]} Ne7 {[%clk 1:32:07]} 8. a3
{[%clk 1:24:26]} a5 {[%clk 1:25:09]} 9. Nbd2 {[%clk 1:18:20]} d6 {[%clk 1:22:48]}
10. Nc4 {[%clk 1:17:27]} O-O {[%clk 1:22:30]} 11. h3 {[%clk 1:12:15]} f6 {[%clk
1:20:00]} 12. a4 {[%clk 1:10:18]} d5 {[%clk 1:12:08]} 13. Na3 {[%clk 1:01:22]} h6
{[%clk 1:09:12]} 14. Nd2 {[%clk 0:51:14]} f5 {[%clk 1:05:15]} 15. Nb3 {[%clk
0:49:44]} fxe4 {[%clk 1:03:08]} 16. dxe4 {[%clk 0:47:30]} c4 {[%clk 1:01:51]} 17.
Nd2 {[%clk 0:47:32]} g5 {[%clk 1:00:20]} 18. Nf1 {[%clk 0:37:04]} Ng6 {[%clk
0:55:31]} 19. c3 {[%clk 0:32:12]} Rb8 {[%clk 0:53:23]} 20. Re2 {[%clk 0:28:22]}
Be6 {[%clk 0:49:39]} 21. exd5 {[%clk 0:22:50]} cxd5 {[%clk 0:49:17]} 22. Nb5
{[%clk 0:23:14]} Bf5 {[%clk 0:46:04]} 23. Re1 {[%clk 0:18:49]} Bd3 {[%clk
0:43:02]} 24. Nh2 {[%clk 0:18:58]} Qd7 {[%clk 0:40:04]} 25. Ng4 {[%clk 0:18:34]}
Rbd8 {[%clk 0:39:32]} 26. Re3 {[%clk 0:14:12]} Qf5 {[%clk 0:35:49]} 27. f3 {[%clk
0:10:22]} h5 {[%clk 0:30:11]} 28. Nf2 {[%clk 0:10:29]} Nf4 {[%clk 0:30:38]} 29.
Re1 {[%clk 0:10:09]} Bc2 {[%clk 0:30:33]} 30. Qd2 {[%clk 0:10:31]} Nxg2 {[%clk
0:29:26]} 31. Re2 {[%clk 0:09:13]} Nh4 {[%clk 0:28:56]} 32. Qxc2 {[%clk 0:08:41]}
Qxf3 {[%clk 0:29:05]} 33. Nd1 {[%clk 0:07:59]} Qf1+ {[%clk 0:28:39]} 34. Kh2
{[%clk 0:08:25]} e4 {[%clk 0:28:48]} 0-1

[Event "European Women's Championship"]
[Site "Vysoke Tatry"]
[Date "2018.04.19"]
[Round "11"]
[White "Milliet, Sophie"]
[Black "Kashlinskaya, Alina"]
[Result "1/2-1/2"]
[Board "8"]
[WhiteElo "2391"]
[WhiteTitle "IM"]
[WhiteCountry "FRA"]
[WhiteFideId "623725"]
[WhiteEloChange "2"]
[BlackElo "2450"]
[BlackTitle "IM"]
[BlackCountry "RUS"]
[BlackFideId "4198026"]
[BlackEloChange "-1"]

1. e4 {[%clk 1:30:57]} e5 {[%clk 1:30:54]} 2. Nf3 {[%clk 1:31:22]} Nf6 {[%clk
1:31:17]} 3. d4 {[%clk 1:31:10]} Nxe4 {[%clk 1:31:29]} 4. Bd3 {[%clk 1:31:23]} d5
{[%clk 1:31:30]} 5. Nxe5 {[%clk 1:31:20]} Nd7 {[%clk 1:31:10]} 6. Nxd7 {[%clk
1:31:25]} Bxd7 {[%clk 1:31:28]} 7. O-O {[%clk 1:31:35]} Bd6 {[%clk 1:31:41]} 8.
c4 {[%clk 1:31:26]} O-O {[%clk 1:31:46]} 9. c5 {[%clk 1:29:41]} Be7 {[%clk
1:31:54]} 10. Nd2 {[%clk 1:28:45]} Bf5 {[%clk 1:23:10]} 11. Qf3 {[%clk 1:19:04]}
Nxd2 {[%clk 1:17:26]} 12. Bxd2 {[%clk 1:19:30]} Bxd3 {[%clk 1:13:40]} 13. Qxd3
{[%clk 1:19:56]} Qd7 {[%clk 1:13:57]} 14. b4 {[%clk 0:48:18]} Bf6 {[%clk
1:04:02]} 15. b5 {[%clk 0:46:58]} Rfe8 {[%clk 1:03:34]} 16. Be3 {[%clk 0:43:13]}
Re6 {[%clk 0:58:03]} 17. Rab1 {[%clk 0:42:23]} Rae8 {[%clk 0:55:32]} 18. Qa3
{[%clk 0:38:49]} a6 {[%clk 0:48:54]} 19. c6 {[%clk 0:38:00]} Qc8 {[%clk 0:46:30]}
20. bxa6 {[%clk 0:37:55]} bxa6 {[%clk 0:46:40]} 21. Rfc1 {[%clk 0:37:17]} Re4
{[%clk 0:45:53]} 22. Qc5 {[%clk 0:31:13]} Qe6 {[%clk 0:45:25]} 23. h3 {[%clk
0:31:12]} Be7 {[%clk 0:43:26]} 24. Qc3 {[%clk 0:22:37]} f5 {[%clk 0:40:25]} 25.
Rb7 {[%clk 0:20:55]} Bd6 {[%clk 0:35:35]} 26. Rcb1 {[%clk 0:20:48]} f4 {[%clk
0:29:10]} 27. Bd2 {[%clk 0:21:16]} f3 {[%clk 0:29:22]} 28. Rb8 {[%clk 0:20:07]}
fxg2 {[%clk 0:28:44]} 29. Qf3 {[%clk 0:14:15]} h6 {[%clk 0:26:50]} 30. Rxe8+
{[%clk 0:13:48]} Qxe8 {[%clk 0:27:17]} 31. Qf5 {[%clk 0:14:00]} Qf7 {[%clk
0:20:04]} 32. Rb8+ {[%clk 0:13:49]} Bf8 {[%clk 0:20:16]} 33. Qxf7+ {[%clk
0:08:38]} Kxf7 {[%clk 0:20:43]} 34. Rb7 {[%clk 0:07:34]} Bd6 {[%clk 0:16:32]} 35.
Ba5 {[%clk 0:07:57]} Rxd4 {[%clk 0:16:13]} 36. Bxc7 {[%clk 0:08:21]} Ke6 {[%clk
0:15:03]} 37. Bxd6 {[%clk 0:06:15]} Kxd6 {[%clk 0:15:30]} 38. Rxg7 {[%clk
0:06:34]} Kxc6 {[%clk 0:15:46]} 39. Rg6+ {[%clk 0:05:48]} Kb5 {[%clk 0:16:09]}
40. Rxh6 {[%clk 0:36:05]} Ra4 {[%clk 0:44:38]} 41. h4 {[%clk 0:23:23]} d4 {[%clk
0:32:41]} 42. Rd6 {[%clk 0:11:10]} Kc5 {[%clk 0:26:21]} 43. Rd7 {[%clk 0:11:32]}
Kc4 {[%clk 0:24:49]} 44. h5 {[%clk 0:10:42]} Rxa2 {[%clk 0:16:47]} 45. h6 {[%clk
0:11:03]} Ra5 {[%clk 0:17:07]} 46. h7 {[%clk 0:09:55]} Rh5 {[%clk 0:17:34]} 47.
f4 {[%clk 0:01:21]} d3 {[%clk 0:09:37]} 48. f5 {[%clk 0:01:34]} d2 {[%clk
0:09:05]} 49. Rxd2 {[%clk 0:01:15]} Rxh7 {[%clk 0:09:18]} 50. Kxg2 {[%clk
0:01:17]} Rf7 {[%clk 0:08:53]} 51. Ra2 {[%clk 0:01:13]} Rf6 {[%clk 0:08:34]} 52.
Kg3 {[%clk 0:01:27]} Rxf5 {[%clk 0:08:33]} 1/2-1/2

[Event "European Women's Championship"]
[Site "Vysoke Tatry"]
[Date "2018.04.19"]
[Round "11"]
[White "Mammadzada, Gunay"]
[Black "Semenova, Elena"]
[Result "1-0"]
[Board "9"]
[WhiteElo "2392"]
[WhiteTitle "IM"]
[WhiteCountry "AZE"]
[WhiteFideId "13403729"]
[WhiteEloChange "5"]
[BlackElo "2221"]
[BlackTitle "WIM"]
[BlackCountry "RUS"]
[BlackFideId "24125148"]
[BlackEloChange "-5"]

1. e4 {[%clk 1:30:56]} e5 {[%clk 1:30:45]} 2. Nf3 {[%clk 1:31:22]} Nc6 {[%clk
1:31:10]} 3. Bb5 {[%clk 1:31:46]} a6 {[%clk 1:31:32]} 4. Ba4 {[%clk 1:32:12]} d6
{[%clk 1:31:52]} 5. O-O {[%clk 1:30:02]} Bd7 {[%clk 1:31:19]} 6. c3 {[%clk
1:30:27]} g5 {[%clk 1:28:50]} 7. d4 {[%clk 1:26:18]} g4 {[%clk 1:28:57]} 8. Ne1
{[%clk 1:25:59]} Qf6 {[%clk 1:24:32]} 9. d5 {[%clk 1:22:13]} Nb8 {[%clk 1:24:26]}
10. Bxd7+ {[%clk 1:21:58]} Nxd7 {[%clk 1:24:52]} 11. Qxg4 {[%clk 1:21:31]} Bh6
{[%clk 1:23:07]} 12. Nd2 {[%clk 1:05:14]} Ne7 {[%clk 1:18:19]} 13. g3 {[%clk
0:56:21]} O-O-O {[%clk 1:09:41]} 14. Ng2 {[%clk 0:54:03]} Rhg8 {[%clk 1:05:15]}
15. Qe2 {[%clk 0:47:19]} Qg7 {[%clk 0:55:27]} 16. Nc4 {[%clk 0:36:00]} Bxc1
{[%clk 0:51:45]} 17. Raxc1 {[%clk 0:36:28]} f5 {[%clk 0:51:06]} 18. exf5 {[%clk
0:34:07]} Nxf5 {[%clk 0:43:10]} 19. f4 {[%clk 0:26:20]} exf4 {[%clk 0:37:12]} 20.
Rxf4 {[%clk 0:26:41]} Rde8 {[%clk 0:33:33]} 21. Qf2 {[%clk 0:24:14]} Ne7 {[%clk
0:29:42]} 22. Qa7 {[%clk 0:15:54]} Nxd5 {[%clk 0:27:32]} 23. Rf5 {[%clk 0:16:08]}
Qg4 {[%clk 0:09:33]} 24. Na5 {[%clk 0:14:12]} Nc5 {[%clk 0:09:34]} 25. Rf7 {[%clk
0:08:06]} Nb6 {[%clk 0:07:41]} 26. b4 {[%clk 0:06:06]} Qg5 {[%clk 0:06:26]} 27.
Rcf1 {[%clk 0:04:25]} Re2 {[%clk 0:06:02]} 28. Nc6 {[%clk 0:02:14]} Ncd7 {[%clk
0:04:02]} 29. Nd4 {[%clk 0:01:14]} Rxa2 {[%clk 0:03:23]} 30. Nf5 {[%clk 0:00:46]}
Re8 {[%clk 0:02:46]} 31. Nf4 {[%clk 0:00:50]} Rd2 {[%clk 0:01:36]} 32. Nd4 {[%clk
0:00:47]} Qh6 {[%clk 0:01:28]} 33. Nf3 {[%clk 0:00:58]} Ne5 {[%clk 0:01:09]} 34.
Nxd2 {[%clk 0:01:11]} Nc6 {[%clk 0:01:18]} 35. Qxb6 {[%clk 0:00:35]} cxb6 {[%clk
0:01:46]} 36. Nc4 {[%clk 0:00:56]} b5 {[%clk 0:01:29]} 37. Nb6+ {[%clk 0:01:14]}
Kb8 {[%clk 0:01:56]} 38. Rf6 {[%clk 0:01:33]} Qg7 {[%clk 0:01:44]} 39. Ne6 {[%clk
0:01:19]} Qg4 {[%clk 0:01:48]} 40. R1f4 {[%clk 0:30:39]} Qd1+ {[%clk 0:31:41]}
41. Rf1 {[%clk 0:31:01]} Qe2 {[%clk 0:28:46]} 42. Nd7+ {[%clk 0:27:23]} Ka7
{[%clk 0:28:45]} 43. Nc7 {[%clk 0:27:08]} Qe3+ {[%clk 0:24:15]} 44. Kg2 {[%clk
0:23:10]} Qe2+ {[%clk 0:12:42]} 45. R1f2 {[%clk 0:22:20]} Qe4+ {[%clk 0:11:14]}
46. Kh3 {[%clk 0:22:22]} Re5 {[%clk 0:11:30]} 47. Nxe5 {[%clk 0:21:52]} dxe5
{[%clk 0:09:16]} 48. Ne6 {[%clk 0:21:23]} h5 {[%clk 0:09:10]} 49. Nc5 {[%clk
0:20:10]} Qg4+ {[%clk 0:09:43]} 50. Kg2 {[%clk 0:20:35]} h4 {[%clk 0:08:59]} 51.
Rh6 {[%clk 0:18:41]} hxg3 {[%clk 0:05:52]} 52. hxg3 {[%clk 0:19:09]} Qg7 {[%clk
0:03:10]} 53. Rhf6 {[%clk 0:18:15]} Nd8 {[%clk 0:03:23]} 54. Rd6 {[%clk 0:18:29]}
Qe7 {[%clk 0:01:27]} 55. Rd7 {[%clk 0:17:02]} Qe8 {[%clk 0:01:48]} 56. Rfd2
{[%clk 0:16:53]} Nc6 {[%clk 0:01:25]} 57. Nxb7 {[%clk 0:15:32]} Ka8 {[%clk
0:00:53]} 58. Rd8+ {[%clk 0:15:20]} 1-0